000
00267nam a2200109Ia 4500
008
230907s9999||||xx |||||||||||||| ||und||
082
_a
333.72
_b
SLE
245
0
_a
SLE103 :
260
_a
Custom Publishing,
_b
Australia :
_c
2014
300
_a
various pages.
942
_c
BK
999
_c
600941
_d
600941